| 000 | 01845nam a2200373 c 4500 | ||
|---|---|---|---|
| 003 | BLK | ||
| 005 | 20200514134508.0 | ||
| 008 | 180408b bul|||||r ||||||| ||bul|| | ||
| 010 | _aKNG00040542000 | ||
| 040 | _aBLK | ||
| 041 |
_aBUL _cBUL |
||
| 080 |
_aПаметници на културата на историческите периоди. Археологическите паметници. Старини _b904 _x(7/8) _z904(7/8) |
||
| 080 |
_aПаметници на културата на историческите периоди. Археологическите паметници. Старини _b904 _x(5) _z904(5) |
||
| 100 | 1 |
_aВаршавски, Анатоли Семенович _eпърви автор _9275515 |
|
| 700 | 1 |
_aГеоргиева, Кристалина _eпрев. от рус. _9275516 |
|
| 139 |
_aВаршавски, Анатоли Семенович _bВ 22 |
||
| 245 | 1 | 0 |
_aКолумбовци от каменния век _bНаучнопопул. четиво _cАнатоли Семенович Варшавски; прев. от рус. Кристалина Георгиева. |
| 257 | _aSUN | ||
| 260 |
_аВарна _bГеорги Бакалов _c1989 |
||
| 300 |
_a164 с. _c20 см |
||
| 380 | _a91 | ||
| 500 | _aОриг. загл. Колумбы каменного века / А. С. Варшавский | ||
| 650 | 4 |
_aАмерика - колонизация - история _9275517 |
|
| 650 | 4 |
_aАрхеологически паметници - Азия _9275518 |
|
| 651 | 4 |
_aАмерика _9270135 |
|
| 651 | 4 |
_aАзия _9253598 |
|
| 653 | _aархеологически паметници | ||
| 653 | _aколонизация | ||
| 852 | _aЦб 157865 | ||
| 856 | 4 |
_qpdf _u |
|
| 856 | 4 |
_qpdf _u |
|
| 942 |
_cKNG _n0 _01 |
||
| 944 |
_aCR _c23.08.2016 _kТеодора_Стоянова |
||
| 944 |
_aED _c23.08.2016 _kТеодора_Стоянова |
||
| 999 |
_c37395 _d37395 |
||